000 01411ncm a2200397 a 4500
999 _c349772
_d349772
003 BLK
005 20241005005456.0
008 180414b bul |a|er|||| |0| c|bulo|
010 _aNOT00002585000
040 _aBLK
041 _aBUL
_cBUL
080 _aВалдхорна
_b788.42
_z788.42
139 _aЕтюди за валдхорна и пиано
_bЕ 95
245 1 0 _aЕтюди за валдхорна
_bвърху теми от орк. произв. на Хайдн, Моцарт и Бетховен
_cсъстав. Стоян Караиванов.
257 _aBGR
260 _bМузика
_c1980
_aСофия
300 _a51 с.
_c33 см
380 _a7
650 0 _aВалдхорна - пиеси
_9362463
653 _aвалдхорни
653 _aпиеси
653 _aБългария
700 1 _aКараиванов, Стоян
_eсъстав.
_9389125
700 _aХайдн, Йозеф
_d1732 - 1809
_qХайдн, Франц Йозеф
_9387481
700 _aМоцарт, Волфганг Амадеус
_d1756 - 1791
_9368558
700 1 _aБетовен, Лудвиг ван
_938790
852 _bИП
_c788.42/Е 95
852 _aЦб М ІІ 7726
_bЦб
856 4 _qpdf
_u
856 4 _qpdf
_u
942 _cNOT
_n0
_s1
944 _aCR
_c2020-03-29
_k
_lCRON CRON
944 _aED
_c2020-06-08
_kГГГ
999 _d349772
999 _d312632